Teoría dei quattro movimenti (Record no. 64846)

MARC details
000 -LEADER
campo de control de longitud fija 00712nam a2200205 i 4500
001 - NÚMERO DE CONTROL
campo de control 64846
003 - IDENTIFICADOR DE NÚMERO DE CONTROL
campo de control ES-MaACL
005 - FECHA Y HORA DE LA ÚLTIMA TRANSACCIÓN
campo de control 20250831142046.0
007 - CAMPO FIJO DE DESCRIPCIÓN FÍSICA--INFORMACIÓN GENERAL
campo de control de longitud fija t|
008 - DATOS DE LONGITUD FIJA--INFORMACIÓN GENERAL
campo de control de longitud fija 040105s1971 it ||||1| ita d
100 1# - ENTRADA PRINCIPAL--NOMBRE DE PERSONA
Nombre de persona Fourier, Charles.
9 (RLIN) 51964
245 10 - MENCIÓN DEL TÍTULO
Título Teoría dei quattro movimenti
Resto del título : il nuovo mondo amorosos e altri scritti /
Mención de responsabilidad, etc. scelta e introduzione di Italo Calvino ; Charles Fourier ; traduzione di Enrica Basevi.
260 ## - PUBLICACIÓN, DISTRIBUCIÓN, ETC.
Lugar de publicación, distribución, etc. [Torino] :
Nombre del editor, distribuidor, etc. Einaudi,
Fecha de publicación, distribución, etc. 1971.
300 ## - DESCRIPCIÓN FÍSICA
Extensión XXXVII, 410 p. ;
Dimensiones 18 cm.
650 #4 - PUNTO DE ACCESO ADICIONAL DE MATERIA--TÉRMINO DE MATERIA
Término de materia o nombre geográfico como elemento de entrada Fourierismo.
9 (RLIN) 149689
700 1# - ENTRADA AGREGADA--NOMBRE PERSONAL
Nombre de persona Calvino, Italo,
Fechas asociadas al nombre 1923-1985
9 (RLIN) 242175
700 1# - ENTRADA AGREGADA--NOMBRE PERSONAL
Nombre de persona Basevi, Enrica.
9 (RLIN) 26282
852 ## - LOCALIZACIÓN
Ubicación ES-MaACL
Número de control de estantería E-6689
Sublocalización o colección R.90973
Holdings
Estatus retirado Estado de pérdida Estado de daño No para préstamo Biblioteca de origen Biblioteca actual Ubicación en estantería Fecha de adquisición Fuente de adquisición Total de préstamos Signatura topográfica completa Código de barras Visto por última vez Precio de reemplazo Tipo de ítem Koha
        Biblioteca del Ateneo de Madrid Biblioteca del Ateneo de Madrid Depósito 2 17/01/2008     E-6689 1067944 23/02/2023 23/02/2023 Libro impreso